[Event "Stuttgarter Stadtmeisterschaft A"]
[Site "Ditzingen"]
[Date "2008.05.03"]
[Round "6.13"]
[White "Bogenschütze, Paul jr"]
[Black "Strunski, Andreas"]
[Result "0-1"]
[WhiteElo "2102"]
[BlackElo "2271"]
[PlyCount "102"]
[EventDate "2008.05.??"]
[EventType "swiss"]
[EventRounds "7"]
[EventCountry "GER"]

1. e4 c5 2. c3 Nf6 3. e5 Nd5 4. d4 e6 5. Nf3 cxd4 6. cxd4 d6 7. Bc4 Nb6 8. Bb3
dxe5 9. dxe5 Qxd1+ 10. Bxd1 Nc6 11. O-O Bd7 12. Bd2 Be7 13. Be2 Nd5 14. a3 Bd8
15. Nc3 Nxc3 16. Bxc3 Bc7 17. Rfd1 Ke7 18. Kf1 Rhd8 19. Bd3 h6 20. Be4 a6 21.
Ke1 Rab8 22. b4 Ke8 23. Rac1 Ne7 24. Bd4 Bc6 25. Bxc6+ Nxc6 26. Bb2 Rxd1+ 27.
Rxd1 Rc8 28. Ke2 Bb8 29. Rc1 Rd8 30. Rd1 Rd5 31. Rxd5 exd5 32. Ke3 g6 33. h3
Kd7 34. Nd2 Bxe5 35. Bxe5 Nxe5 36. Kd4 Kd6 37. Nb3 b6 38. a4 a5 39. bxa5 Nc6+
40. Kd3 Nxa5 41. Nd4 Nc6 42. Nb5+ Kc5 43. f4 d4 44. g4 Nb4+ 45. Kd2 Nd5 46. f5
gxf5 47. gxf5 Ne3 48. f6 Nd5 49. Kd3 Nf4+ 50. Ke4 Nxh3 51. Nxd4 Nf2+ 0-1

[Event "Stuttgarter Stadtmeisterschaft A"]
[Site "Ditzingen"]
[Date "2008.05.03"]
[Round "6.14"]
[White "Schuh, Karsten"]
[Black "Meyer, Peter"]
[Result "1-0"]
[WhiteElo "2207"]
[BlackElo "2090"]
[PlyCount "103"]
[EventDate "2008.05.??"]
[EventType "swiss"]
[EventRounds "7"]
[EventCountry "GER"]

1. c4 f5 2. g3 Nf6 3. Bg2 g6 4. Nc3 Bg7 5. Nf3 d6 6. d3 O-O 7. O-O e5 8. Rb1 a5
9. a3 Nc6 10. b4 axb4 11. axb4 h6 12. b5 Ne7 13. Bb2 g5 14. c5 g4 15. cxd6 cxd6
16. Nd2 d5 17. Qb3 Qd6 18. Ra1 Be6 19. Ba3 Qd7 20. Bxe7 Qxe7 21. Nxd5 Qf7 22.
Nxf6+ Bxf6 23. Qb4 Rxa1 24. Rxa1 e4 25. d4 Rc8 26. e3 Rc2 27. Nf1 Kg7 28. Ra7
h5 29. Qd6 h4 30. gxh4 Rc1 31. h5 Kh6 32. Qf4+ Kxh5 33. h3 gxh3 34. Bxh3 Bd8
35. Kg2 Bh4 36. Ra8 Rc8 37. Rxc8 Bxc8 38. Ng3+ Bxg3 39. Qxg3 Bd7 40. b6 Qf6 41.
Qg8 Qg5+ 42. Qxg5+ Kxg5 43. Kg3 Bb5 44. Bg2 Bc4 45. f3 Bd5 46. fxe4 fxe4 47.
Bh3 Bc4 48. Bd7 Bd5 49. Be8 Kf5 50. Kh4 Ke6 51. Kg5 Ke7 52. Ba4 1-0

[Event "Stuttgarter Stadtmeisterschaft A"]
[Site "Ditzingen"]
[Date "2008.05.03"]
[Round "6.15"]
[White "Raykhman, Alexander"]
[Black "Reck, Moritz"]
[Result "1/2-1/2"]
[WhiteElo "2242"]
[BlackElo "2094"]
[PlyCount "56"]
[EventDate "2008.05.??"]
[EventType "swiss"]
[EventRounds "7"]
[EventCountry "GER"]
[WhiteTeam "Schachklub München Südost e.V."]
[BlackTeam "SK Bebenhausen 1992"]

1. e4 g6 2. d4 Bg7 3. Nc3 d6 4. f4 Nf6 5. Nf3 O-O 6. Be3 Nbd7 7. e5 Ng4 8. Bg1
c5 9. dxc5 dxe5 10. h3 Nh6 11. fxe5 Nxe5 12. Nxe5 Bxe5 13. Qxd8 Rxd8 14. g4 Bd7
15. Bg2 Bxc3+ 16. bxc3 Bc6 17. Bxc6 bxc6 18. Rb1 Rd7 19. Be3 Kg7 20. Ke2 f6 21.
Rhd1 Rad8 22. Rxd7 Rxd7 23. Rb8 Rc7 24. a4 Nf7 25. a5 Ne5 26. Bf4 Kf7 27. a6
Ke6 28. g5 Rd7 1/2-1/2

[Event "Stuttgarter Stadtmeisterschaft A"]
[Site "Ditzingen"]
[Date "2008.05.03"]
[Round "6.16"]
[White "Häcker, Alexander"]
[Black "Ebeling, Jens"]
[Result "1/2-1/2"]
[WhiteElo "2234"]
[BlackElo "2065"]
[PlyCount "55"]
[EventDate "2008.05.??"]
[EventType "swiss"]
[EventRounds "7"]
[EventCountry "GER"]

1. e4 c5 2. Nf3 e6 3. d4 cxd4 4. Nxd4 Nc6 5. Nc3 a6 6. Be3 Qc7 7. Bd3 Nf6 8.
O-O Bd6 9. h3 Bf4 10. Bxf4 Qxf4 11. Nce2 Qc7 12. Kh1 b5 13. f4 d6 14. Qd2 O-O
15. Ng3 Bb7 16. Rae1 Nd7 17. Nh5 Kh8 18. f5 Nce5 19. Ne2 Rg8 20. Nd4 Rae8 21.
fxe6 fxe6 22. Nf4 Nf8 23. Nf3 Qe7 24. Rf2 Nxf3 25. Rxf3 Nd7 26. Bf1 Ne5 27. Rc3
Rc8 28. Rxc8 1/2-1/2

[Event "Stuttgarter Stadtmeisterschaft A"]
[Site "Ditzingen"]
[Date "2008.05.03"]
[Round "6.17"]
[White "Fiderer, Lukas"]
[Black "Wenner, Tobias"]
[Result "1-0"]
[WhiteElo "2065"]
[BlackElo "2228"]
[PlyCount "77"]
[EventDate "2008.05.??"]
[EventType "swiss"]
[EventRounds "7"]
[EventCountry "GER"]
[WhiteTeam "Ooser SC von 1930 Baden-Baden"]
[BlackTeam "SC Eppingen"]

1. e4 c6 2. d4 d5 3. e5 Bf5 4. h4 h5 5. c4 dxc4 6. Bxc4 e6 7. Nc3 Ne7 8. Bg5
Qb6 9. Qd2 Nd5 10. Nge2 Nd7 11. Ng3 Nxc3 12. bxc3 Bg6 13. O-O Qc7 14. f4 f6 15.
f5 fxg5 16. Qxg5 Rh6 17. fxg6 Be7 18. Qf4 O-O-O 19. Bxe6 Rxg6 20. Bh3 Kb8 21.
Nxh5 Rh8 22. Qf7 Nf8 23. Qe8+ Qd8 24. Qxd8+ Bxd8 25. Rf7 Bxh4 26. Rb1 b6 27.
Rbf1 Nh7 28. Rxg7 Rxg7 29. Nxg7 Ng5 30. Bf5 Kc7 31. g4 Kd8 32. Kg2 Ke7 33. Nh5
Nf7 34. Nf4 Rh6 35. Ng6+ Ke8 36. Nxh4 Rxh4 37. Rh1 Rxh1 38. Kxh1 Ng5 39. Kg2
1-0

[Event "Stuttgarter Stadtmeisterschaft A"]
[Site "Ditzingen"]
[Date "2008.05.03"]
[Round "6.18"]
[White "Jussupow, Ekaterina"]
[Black "Höschele, Hans-Ulrich"]
[Result "1-0"]
[WhiteElo "2046"]
[BlackElo "2212"]
[PlyCount "141"]
[EventDate "2008.05.??"]
[EventType "swiss"]
[EventRounds "7"]
[EventCountry "GER"]
[WhiteTeam "SK Krumbach"]
[BlackTeam "Stuttgarter SF 1879"]

1. e4 e5 2. Nf3 Nc6 3. d4 exd4 4. Nxd4 Qe7 5. Nc3 Nf6 6. Nxc6 bxc6 7. Qe2 a5 8.
Bg5 Ba6 9. Qe3 Qc5 10. Qxc5 Bxc5 11. Bxa6 Rxa6 12. Bxf6 gxf6 13. O-O Bd4 14.
Na4 Ke7 15. Rad1 Bb6 16. b3 Raa8 17. Rd3 Rad8 18. Re1 d6 19. Nb2 h5 20. a4 h4
21. Rh3 Rdg8 22. Nd3 Rg4 23. Kh1 Rhg8 24. g3 hxg3 25. Rxg3 R4g5 26. Kg2 Rh8 27.
h3 Rgh5 28. Re2 Rh4 29. Ne1 R4h5 30. Nf3 R8h6 31. Nh2 Rg6 32. Ng4 Kd8 33. Rf3
Ke7 34. Rf5 Rh8 35. Rd2 c5 36. c4 c6 37. Kg3 Bc7 38. f4 Rg7 39. Rd3 Bd8 40. Kg2
Ke6 41. Rg3 Rhh7 42. Nf2 Be7 43. h4 Rg6 44. h5 Rgh6 45. Rh3 Rg7+ 46. Kf3 Rg1
47. Rg3 Rb1 48. Ke2 Rb2+ 49. Ke1 d5 50. cxd5+ cxd5 51. Rxd5 Bd6 52. Nd3 Rh2 53.
Nxc5+ Ke7 54. Nd3 R6xh5 55. Rxh5 Rxh5 56. Kd2 Rh2+ 57. Kc3 Re2 58. Kd4 Rd2 59.
Ke3 Rd1 60. Rg2 Rb1 61. Rb2 Rd1 62. b4 axb4 63. Nxb4 Bc5+ 64. Ke2 Ra1 65. Ra2
Rh1 66. Nd5+ Kd6 67. Kf3 f5 68. Rd2 fxe4+ 69. Kxe4 Kc6 70. Nc3 Rc1 71. Rd3 {
flag} 1-0

[Event "Stuttgarter Stadtmeisterschaft A"]
[Site "Ditzingen"]
[Date "2008.05.03"]
[Round "6.19"]
[White "Hottes, Dieter"]
[Black "Schiestl, Uwe"]
[Result "1-0"]
[WhiteElo "2208"]
[BlackElo "2051"]
[PlyCount "77"]
[EventDate "2008.05.??"]
[EventType "swiss"]
[EventRounds "7"]
[EventCountry "GER"]
[WhiteTeam "Stuttgarter SF 1879"]
[BlackTeam "Stuttgarter SF 1879"]

1. c4 e5 2. Nc3 Nf6 3. Nf3 Nc6 4. d4 exd4 5. Nxd4 d5 6. Nxc6 bxc6 7. e3 Bd6 8.
Be2 O-O 9. b3 Rb8 10. Bb2 Re8 11. h3 Be6 12. cxd5 cxd5 13. O-O Qd7 14. Bf3 c6
15. Re1 c5 16. g3 Rbd8 17. h4 Be5 18. Na4 Bxb2 19. Nxb2 Qb5 20. Qc2 Rc8 21.
Rac1 Red8 22. Red1 h6 23. e4 d4 24. Be2 Qb7 25. f3 Qb8 26. Kf2 Nh5 27. Rg1 Qd6
28. Rcd1 Re8 29. Bc4 Bd7 30. Nd3 Bc6 31. Qd2 Qf6 32. Kg2 Qg6 33. Kh2 Qf6 34.
Rdf1 Ba8 35. Kh3 Qe7 36. g4 Nf6 37. g5 Qd7+ 38. Kh2 hxg5 39. Qxg5 1-0

[Event "Stuttgarter Stadtmeisterschaft A"]
[Site "Ditzingen"]
[Date "2008.05.03"]
[Round "6.20"]
[White "Wagner, Florian"]
[Black "Severin, Andreas"]
[Result "1-0"]
[WhiteElo "2183"]
[BlackElo "1981"]
[PlyCount "53"]
[EventDate "2008.05.??"]
[EventType "swiss"]
[EventRounds "7"]
[EventCountry "GER"]

1. e4 e6 2. d4 d5 3. Nd2 dxe4 4. Nxe4 Bd7 5. Nf3 Bc6 6. Bd3 Nd7 7. c4 Ngf6 8.
Nc3 Bxf3 9. Qxf3 c6 10. Be3 Qa5 11. O-O O-O-O 12. a3 Qh5 13. Qxh5 Nxh5 14. Be2
Nhf6 15. b4 Bd6 16. f4 Kb8 17. Rab1 Ka8 18. a4 Rc8 19. a5 Nb8 20. Rb3 Rc7 21.
Bf3 h5 22. Ra1 Ng4 23. Bd2 Rd8 24. Na4 Nd7 25. b5 c5 26. b6 Rcc8 27. a6 1-0

[Event "Stuttgarter Stadtmeisterschaft A"]
[Site "Ditzingen"]
[Date "2008.05.03"]
[Round "6.21"]
[White "Bissbort, Julian"]
[Black "Samu, Sorin-Mihai"]
[Result "1-0"]
[WhiteElo "2059"]
[BlackElo "2176"]
[PlyCount "91"]
[EventDate "2008.05.??"]
[EventType "swiss"]
[EventRounds "7"]
[EventCountry "GER"]
[WhiteTeam "Heilbronner SV"]

1. e4 Nc6 2. d4 e5 3. dxe5 Nxe5 4. f4 Ng6 5. Nf3 Bc5 6. Bc4 d6 7. Nc3 c6 8. h4
Be6 9. Bxe6 fxe6 10. h5 Nf8 11. Qd3 Nf6 12. Be3 Qb6 13. Bxc5 Qxc5 14. O-O-O
O-O-O 15. e5 Ng4 16. Ne4 Qd5 17. Rh4 Qxd3 18. Rxd3 d5 19. Rxg4 dxe4 20. Rxd8+
Kxd8 21. Ng5 Ke7 22. Nxe4 g6 23. Nd6 b6 24. Rg3 Rg8 25. Ne4 Nd7 26. Rd3 Rf8 27.
hxg6 hxg6 28. g3 Rh8 29. b3 c5 30. Ng5 Rh5 31. Rd6 Nf8 32. a4 Rh1+ 33. Kb2 Rg1
34. a5 Rxg3 35. axb6 axb6 36. Rxb6 Rg1 37. Ra6 Rg4 38. Ra7+ Nd7 39. Ne4 Rxf4
40. Nxc5 Rd4 41. Rxd7+ Rxd7 42. Nxd7 Kxd7 43. c4 g5 44. Kc2 Kc6 45. b4 Kb6 46.
Kd3 1-0

[Event "Stuttgarter Stadtmeisterschaft A"]
[Site "Ditzingen"]
[Date "2008.05.03"]
[Round "6.22"]
[White "Gabriel, Josef"]
[Black "Kaplunov, Vadym"]
[Result "0-1"]
[WhiteElo "2148"]
[BlackElo "1967"]
[PlyCount "86"]
[EventDate "2008.05.??"]
[EventType "swiss"]
[EventRounds "7"]
[EventCountry "GER"]
[WhiteTeam "Stuttgarter SF 1879"]
[BlackTeam "Stuttgarter SF 1879"]

1. c4 c6 2. Nc3 d5 3. e3 Nf6 4. Nf3 Nbd7 5. b3 e5 6. Bb2 Bd6 7. cxd5 Nxd5 8.
Nxd5 cxd5 9. Bb5 Qe7 10. d4 Bb4+ 11. Kf1 e4 12. Ne5 O-O 13. Rc1 Nxe5 14. dxe5
Ba3 15. Qd4 Bxb2 16. Qxb2 Be6 17. b4 Rfc8 18. Ke2 a5 19. Rxc8+ Rxc8 20. bxa5
Qc7 21. a4 Qc2+ 22. Qxc2 Rxc2+ 23. Kd1 Ra2 24. Rf1 Kf8 25. Kc1 Bd7 26. Bxd7
Ra1+ 27. Kb2 Rxf1 28. Bc6 Rxf2+ 29. Kb3 d4 30. Bxb7 dxe3 31. a6 e2 32. a7 e1=Q
33. a8=Q+ Ke7 34. Bxe4 Qe3+ 35. Kc4 Qc1+ 36. Kd4 Qb2+ 37. Kc4 Qc1+ 38. Kd4 Qa1+
39. Ke3 Qe1+ 40. Kd4 Qb4+ 41. Kd3 Qb3+ 42. Kd4 Rd2+ 43. Kc5 Qc3+ 0-1

[Event "Stuttgarter Stadtmeisterschaft A"]
[Site "Ditzingen"]
[Date "2008.05.03"]
[Round "6.23"]
[White "Notegger, Peter"]
[Black "Scharping, Hans-Martin"]
[Result "1/2-1/2"]
[WhiteElo "1952"]
[BlackElo "2138"]
[PlyCount "28"]
[EventDate "2008.05.??"]
[EventType "swiss"]
[EventRounds "7"]
[EventCountry "GER"]

1. f4 c5 2. b3 Nc6 3. e3 Nf6 4. Nf3 d6 5. Bb2 e6 6. a3 Be7 7. Bd3 Rb8 8. O-O b5
9. Ra2 Na5 10. Bc3 Bd7 11. Qe1 d5 12. Ne5 c4 13. bxc4 bxc4 14. Be2 Nc6 1/2-1/2

[Event "Stuttgarter Stadtmeisterschaft A"]
[Site "Ditzingen"]
[Date "2008.05.03"]
[Round "6.24"]
[White "Volk, Werner"]
[Black "Haag, Ulrich"]
[Result "0-1"]
[WhiteElo "1993"]
[BlackElo "2158"]
[PlyCount "114"]
[EventDate "2008.05.??"]
[EventType "swiss"]
[EventRounds "7"]
[EventCountry "GER"]
[WhiteTeam "SC Oberwinden 1957 e.V."]
[BlackTeam "SV Backnang"]

1. Nf3 d5 2. d4 c6 3. g3 Nf6 4. Bg2 Bf5 5. O-O h6 6. Nbd2 e6 7. c4 Be7 8. Re1
O-O 9. Ne5 Nbd7 10. Qb3 Qc7 11. Ndf3 Bd6 12. Bf4 dxc4 13. Qxc4 Nb6 14. Qc1 Nbd5
15. Bd2 Bb4 16. Bxb4 Nxb4 17. Nh4 Bh7 18. e4 Rad8 19. a3 Na6 20. Qc3 g5 21. Qf3
Kg7 22. Ng4 Nxg4 23. Qxg4 Rxd4 24. Nf3 Rd7 25. Nxg5 hxg5 26. Qxg5+ Bg6 27. e5
Qd8 28. Qg4 Nc5 29. h4 Kh8 30. b4 Nd3 31. Re3 a5 32. Be4 Nxe5 33. Qf4 Rd1+ 34.
Kh2 f6 35. Bxg6 Kg7 36. Rxd1 Qxd1 37. h5 Nxg6 38. Qc7+ Rf7 39. h6+ Kg8 40. Qc8+
Nf8 41. Rxe6 Qf1 42. Re8 Qxf2+ 43. Kh3 Qf1+ 44. Kh2 Qc4 45. Qf5 Kh8 46. Qg6
Qe2+ 47. Rxe2 Nxg6 48. bxa5 Ne5 49. Kh3 Kh7 50. g4 Kxh6 51. Kg3 Kg6 52. Re4 Rd7
53. Rb4 Rd3+ 54. Kf4 Rxa3 55. Rxb7 Rxa5 56. Rb8 Ra4+ 57. Ke3 Rxg4 0-1

[Event "Stuttgarter Stadtmeisterschaft A"]
[Site "Ditzingen"]
[Date "2008.05.03"]
[Round "6.25"]
[White "Ter-Akopyan, Bagrat"]
[Black "Meyner, Hannes"]
[Result "0-1"]
[WhiteElo "1984"]
[BlackElo "2146"]
[PlyCount "56"]
[EventDate "2008.05.??"]
[EventType "swiss"]
[EventRounds "7"]
[EventCountry "GER"]
[WhiteTeam "SV Puschendorf"]
[BlackTeam "SC Turm Lüneburg e.V."]

1. e4 c5 2. Nf3 d6 3. c3 Nf6 4. Bd3 g6 5. Bc2 Bg7 6. O-O O-O 7. Re1 Nc6 8. d4
cxd4 9. cxd4 Bg4 10. d5 Ne5 11. Nbd2 Rc8 12. Bb1 Bh6 13. Qe2 Nh5 14. Kh1 Nf4
15. Qe3 Nxg2 16. Qxh6 Nxf3 17. Rf1 Nfe1 18. Nb3 Be2 19. Rg1 Qd7 20. Nd4 Bh5 21.
Bd2 Qh3 22. Qg5 Rc4 23. Nf5 Bf3 24. Nxe7+ Kg7 25. Nf5+ Qxf5 26. Qh6+ Kg8 27.
Rxg2 Bxg2+ 28. Kg1 Qg4 0-1

[Event "Stuttgarter Stadtmeisterschaft A"]
[Site "Ditzingen"]
[Date "2008.05.03"]
[Round "6.26"]
[White "Weisenburger, Horst"]
[Black "Guballa, Jens"]
[Result "1/2-1/2"]
[WhiteElo "2142"]
[BlackElo "2041"]
[PlyCount "33"]
[EventDate "2008.05.??"]
[EventType "swiss"]
[EventRounds "7"]
[EventCountry "GER"]
[WhiteTeam "SAbt VfL Sindelfingen"]
[BlackTeam "SC Tamm 74"]

1. f4 d5 2. g3 g6 3. Bg2 Bg7 4. Nf3 c5 5. d3 Nc6 6. O-O d4 7. a4 Nh6 8. e4 dxe3
9. c3 Ng4 10. Qe2 Bf5 11. Ne1 Nf2 12. Bxe3 Nxd3 13. Na3 Nxe1 14. Rfxe1 O-O 15.
Bxc5 Re8 16. g4 Bd7 17. Rad1 1/2-1/2

[Event "Stuttgarter Stadtmeisterschaft A"]
[Site "Ditzingen"]
[Date "2008.05.03"]
[Round "6.27"]
[White "Erben, Larissa"]
[Black "Lange, Jan-David"]
[Result "1/2-1/2"]
[WhiteElo "1942"]
[BlackElo "2132"]
[PlyCount "39"]
[EventDate "2008.05.??"]
[EventType "swiss"]
[EventRounds "7"]
[EventCountry "GER"]
[WhiteTeam "SV Wolfbusch"]
[BlackTeam "SC Tamm 74"]

1. e4 c5 2. Nf3 Nc6 3. d4 cxd4 4. Nxd4 Nf6 5. Nc3 d6 6. Be2 e5 7. Nb3 Be7 8.
O-O O-O 9. Kh1 Be6 10. f4 exf4 11. Bxf4 d5 12. Bd3 Bg4 13. Qe1 d4 14. e5 Nh5
15. Nb5 f5 16. Bd2 f4 17. Qe4 Bf5 18. Qf3 g6 19. Bc4+ Kh8 20. Qd5 1/2-1/2

[Event "Stuttgarter Stadtmeisterschaft A"]
[Site "Ditzingen"]
[Date "2008.05.03"]
[Round "6.28"]
[White "Hittinger, Immanuel"]
[Black "Scheeff, Volker"]
[Result "0-1"]
[WhiteElo "1928"]
[BlackElo "2125"]
[PlyCount "86"]
[EventDate "2008.05.??"]
[EventType "swiss"]
[EventRounds "7"]
[EventCountry "GER"]
[WhiteTeam "SK Bebenhausen 1992"]
[BlackTeam "Sabt SpVgg Rommelshausen"]

1. d4 e6 2. c4 b6 3. Nc3 Bb7 4. Nf3 f5 5. g3 Nf6 6. Bg2 Be7 7. O-O O-O 8. d5
Na6 9. dxe6 dxe6 10. Qxd8 Raxd8 11. Ng5 Bc8 12. Nb5 h6 13. Nh3 Bd7 14. Nxa7 Ne4
15. Nb5 c6 16. Nd4 Bf6 17. Nb3 c5 18. Nf4 Nb4 19. a3 Nc2 20. Rb1 g5 21. Nd3 Ba4
22. Nd2 Nd4 23. Re1 Bc2 24. Ra1 Nxd2 25. Bxd2 Nb3 26. Be3 Bxd3 27. exd3 Nxa1
28. Rxa1 Rxd3 29. Rb1 Rfd8 30. Bf3 Rb3 31. Rd1 Rxd1+ 32. Bxd1 Rxb2 33. Kg2 g4
34. h3 h5 35. hxg4 hxg4 36. Ba4 Bd4 37. Kf1 Kf7 38. Bb5 Bxe3 39. fxe3 Kf6 40.
Bc6 Ke5 41. a4 Rc2 42. Bb5 Ke4 43. Bd7 Kf3 0-1

[Event "Stuttgarter Stadtmeisterschaft A"]
[Site "Ditzingen"]
[Date "2008.05.03"]
[Round "6.29"]
[White "Günthner, Arthur"]
[Black "Imhof, Thomas"]
[Result "0-1"]
[WhiteElo "1707"]
[BlackElo "2088"]
[PlyCount "86"]
[EventDate "2008.05.??"]
[EventType "swiss"]
[EventRounds "7"]
[EventCountry "GER"]
[WhiteTeam "SC Tamm 74"]
[BlackTeam "SGem Vaihingen-Rohr"]

1. d4 Nf6 2. c4 e6 3. Nc3 d5 4. Bg5 Be7 5. cxd5 exd5 6. e3 O-O 7. Nf3 b6 8. Qc2
Bb7 9. Bd3 Nbd7 10. a3 c5 11. O-O Ne4 12. Bxe7 Qxe7 13. dxc5 Ndxc5 14. Bxe4
dxe4 15. Nd4 Rac8 16. Rab1 g6 17. Qd1 Rfd8 18. Qg4 Nd3 19. Ncb5 a6 20. Nc3 Nxb2
21. Nxe4 Nc4 22. Ng3 Nd2 23. Rxb6 Nxf1 24. Nxf1 Rc1 25. h4 Qe4 26. Qg5 Rd5 27.
Qg3 Qd3 28. Qb8+ Bc8 29. Kh2 Qxf1 30. Qf4 Qc4 31. Rc6 Qxc6 32. Nxc6 Rxc6 33.
Qe4 Be6 34. Qa4 Rdc5 35. Qb4 h5 36. Qb8+ Kh7 37. Qf4 Rc2 38. g4 hxg4 39. h5
gxh5 40. Kg3 R6c5 41. Qe4+ Bf5 42. Qb7 Bg6 43. Qxa6 Rf5 0-1

[Event "Stuttgarter Stadtmeisterschaft A"]
[Site "Ditzingen"]
[Date "2008.05.03"]
[Round "6.30"]
[White "Scherer, Holger"]
[Black "Arounopoulos, Stephan"]
[Result "0-1"]
[WhiteElo "2084"]
[BlackElo "2002"]
[PlyCount "64"]
[EventDate "2008.05.??"]
[EventType "swiss"]
[EventRounds "7"]
[EventCountry "GER"]
[WhiteTeam "SK Lauffen"]
[BlackTeam "SK e4 Gerlingen"]

1. e4 e6 2. d4 d5 3. Nc3 Bb4 4. exd5 exd5 5. Qf3 Ne7 6. Bd3 Nbc6 7. Nge2 Bxc3+
8. bxc3 Be6 9. Rb1 b6 10. O-O Qd7 11. Nf4 Bg4 12. Qg3 g5 13. h3 h5 14. hxg4
gxf4 15. Bxf4 O-O-O 16. a4 hxg4 17. a5 Nxa5 18. Ra1 Nac6 19. Rfb1 Kb7 20. Ba6+
Kb8 21. Bb5 Rh5 22. f3 Rg8 23. Rxa7 Kxa7 24. Bxc7 Kb7 25. Bxc6+ Nxc6 26. Bxb6
Rg6 27. f4 Rgh6 28. Rb2 Rh1+ 29. Kf2 Qe8 30. Bc5+ Kc7 31. Bb6+ Kd7 32. Qxg4+
Qe6 0-1

[Event "Stuttgarter Stadtmeisterschaft A"]
[Site "Ditzingen"]
[Date "2008.05.03"]
[Round "6.32"]
[White "Huhn, Stefan"]
[Black "Diele, Ralf"]
[Result "1/2-1/2"]
[WhiteElo "2079"]
[BlackElo "1965"]
[PlyCount "134"]
[EventDate "2008.05.??"]
[EventType "swiss"]
[EventRounds "7"]
[EventCountry "GER"]
[WhiteTeam "SV Herrenberg e.V."]
[BlackTeam "Schachklub Werther 1949 e.V."]

1. d4 Nf6 2. Bg5 Ne4 3. Bf4 e6 4. e3 Nc6 5. Nd2 d5 6. Bd3 Bd6 7. Bxd6 Nxd6 8.
Ngf3 O-O 9. c3 Re8 10. Qc2 h6 11. O-O e5 12. dxe5 Nxe5 13. Nxe5 Rxe5 14. e4
dxe4 15. Nxe4 Nxe4 16. Bxe4 Qe7 17. Bf3 c6 18. Qd2 Bf5 19. Rfe1 Re8 20. Rxe5
Qxe5 21. Rd1 Qa5 22. b3 Qe5 23. h3 Qf6 24. Kh2 Qe5+ 25. Kg1 Qf6 26. Qf4 g5 27.
Rd6 Qe7 28. Qd4 Be6 29. c4 a6 30. Bd1 Qf8 31. Bc2 Qg7 32. Qd3 Qf6 33. a4 Kf8
34. Qd4 Qxd4 35. Rxd4 Ke7 36. Kf1 Rb8 37. a5 c5 38. Rd1 Rd8 39. Rxd8 Kxd8 40.
Be4 Kc7 41. Ke2 b6 42. axb6+ Kxb6 43. Kd3 f5 44. Bf3 Kc7 45. Ke3 Kd6 46. Bb7 a5
47. f4 Bd7 48. g3 a4 49. bxa4 Bxa4 50. Kd2 Bd7 51. Kc3 gxf4 52. gxf4 Ke6 53.
Ba6 Ba4 54. Kd2 Kf6 55. Ke3 Bd1 56. Bb5 Bh5 57. Kf2 Bf7 58. Kg2 Ke7 59. Kf2 Kd6
60. Ke3 Kc7 61. Kd3 Bh5 62. Kd2 Bf3 63. Be8 Kb6 64. Bd7 Be4 65. Kc3 Ka5 66. Be8
Bg2 67. h4 Bf3 1/2-1/2

[Event "Stuttgarter Stadtmeisterschaft A"]
[Site "Ditzingen"]
[Date "2008.05.03"]
[Round "6.33"]
[White "Richter, Götz"]
[Black "Renke, Mathias"]
[Result "1-0"]
[WhiteElo "2073"]
[BlackElo "1933"]
[PlyCount "125"]
[EventDate "2008.05.??"]
[EventType "swiss"]
[EventRounds "7"]
[EventCountry "GER"]
[WhiteTeam "Klub Kölner Schachfreunde e.V. 1"]
[BlackTeam "SV Ottenbronn"]

1. e4 c5 2. Nf3 g6 3. c4 Nc6 4. d4 Bg7 5. d5 Nd4 6. Nxd4 Bxd4 7. Qc2 d6 8. Nc3
Bg7 9. Bd3 e5 10. dxe6 Bxe6 11. O-O Ne7 12. Bf4 a6 13. Qa4+ Nc6 14. Rad1 O-O
15. Rd2 Nd4 16. Qd1 f5 17. exf5 Bxf5 18. Bxf5 Rxf5 19. Be3 Qh4 20. g3 Qh3 21.
f4 Re8 22. Rd3 Rh5 23. Qd2 Qg4 24. Qg2 b5 25. cxb5 axb5 26. Rf2 b4 27. Ne2 Nc2
28. Qc6 Qe6 29. Bc1 Nd4 30. Nxd4 Bxd4 31. Rxd4 cxd4 32. Bd2 Rb8 33. Qa6 Rhb5
34. Qa7 R5b6 35. Qa5 Rb5 36. Qa7 Qd5 37. f5 R8b7 38. Qa4 gxf5 39. g4 Rg7 40. h3
fxg4 41. Bh6 g3 42. Rf4 Rf7 43. Qa7 Qb7 44. Rg4+ Kh8 45. Qxd4+ Re5 46. Bf4 Rxf4
47. Rxf4 Qc6 48. Qxb4 Qc1+ 49. Kg2 Re2+ 50. Kxg3 Qxb2 51. Qxd6 Qg7+ 52. Kh4 Re8
53. a4 Qe7+ 54. Qxe7 Rxe7 55. a5 Ra7 56. Ra4 Ra6 57. Kg5 Kg7 58. Kf5 h6 59. Ke5
Kg6 60. Kd5 h5 61. Kc5 Kg5 62. Kb5 Rxa5+ 63. Kxa5 1-0

[Event "Stuttgarter Stadtmeisterschaft A"]
[Site "Ditzingen"]
[Date "2008.05.03"]
[Round "6.34"]
[White "Trefzer, Erhard"]
[Black "Büter, Norbert"]
[Result "1/2-1/2"]
[WhiteElo "2076"]
[BlackElo "1874"]
[PlyCount "90"]
[EventDate "2008.05.??"]
[EventType "swiss"]
[EventRounds "7"]
[EventCountry "GER"]
[WhiteTeam "SV Marbach"]
[BlackTeam "Sabt SpVgg Rommelshausen"]

1. b3 Nf6 2. Bb2 d5 3. e3 Bf5 4. Nf3 e6 5. d4 Nbd7 6. Nbd2 h6 7. Bd3 Bxd3 8.
cxd3 Bb4 9. O-O O-O 10. Ne5 a5 11. Ndf3 c6 12. Nxd7 Qxd7 13. a3 Bd6 14. h3 Qe7
15. Ne5 Kh7 16. f4 c5 17. g4 cxd4 18. Bxd4 Bxa3 19. g5 Ng8 20. Kh1 Bc5 21. g6+
fxg6 22. Nxg6 Kxg6 23. Rg1+ Kh7 24. Rxg7+ Qxg7 25. Bxg7 Kxg7 26. Qh5 Rf5 27.
Rg1+ Kf6 28. Qg6+ Ke7 29. d4 Bd6 30. Qh7+ Rf7 31. Rg7 Raf8 32. Rxf7+ Rxf7 33.
Qxg8 Rf8 34. Qg7+ Rf7 35. Qxh6 b5 36. Qh8 a4 37. bxa4 bxa4 38. Qa8 a3 39. Kg2
Rf8 40. Qa7+ Kf6 41. h4 Rb8 42. h5 Rh8 43. Qa6 Ke7 44. Qa7+ Kf6 45. Qa6 Ke7
1/2-1/2

[Event "Stuttgarter Stadtmeisterschaft A"]
[Site "Ditzingen"]
[Date "2008.05.03"]
[Round "6.35"]
[White "Probst, Alexander"]
[Black "Yin, Zixiao"]
[Result "1/2-1/2"]
[WhiteElo "2129"]
[BlackElo "1923"]
[PlyCount "48"]
[EventDate "2008.05.??"]
[EventType "swiss"]
[EventRounds "7"]
[EventCountry "GER"]
[WhiteTeam "SC Blau.Turm Bad Wimpfen"]
[BlackTeam "SC Tarrasch 45 München"]

1. e4 c6 2. d4 Na6 3. c4 d6 4. Nf3 g6 5. Be2 Bg7 6. O-O Nc7 7. Nc3 Nf6 8. e5
dxe5 9. Nxe5 O-O 10. Be3 Nd7 11. Nf3 e5 12. Qd2 f5 13. Bg5 Qe8 14. dxe5 Nxe5
15. Rfe1 Nxf3+ 16. Bxf3 Ne6 17. Bd5 Qf7 18. Bxe6 Bxe6 19. Re2 Bf6 20. Bxf6 Qxf6
21. b3 Rad8 22. Qc2 f4 23. Rae1 Bf5 24. Ne4 Bxe4 1/2-1/2

[Event "Stuttgarter Stadtmeisterschaft A"]
[Site "Ditzingen"]
[Date "2008.05.03"]
[Round "6.36"]
[White "Turski, Tomasz"]
[Black "Rudhart, Michael"]
[Result "1-0"]
[WhiteElo "2097"]
[BlackElo "1917"]
[PlyCount "83"]
[EventDate "2008.05.??"]
[EventType "swiss"]
[EventRounds "7"]
[EventCountry "GER"]
[WhiteTeam "Schachclub Ingersheim eV"]
[BlackTeam "Schachclub Feuerbach e. V."]

1. d4 d5 2. Nf3 Nf6 3. c4 e6 4. Nc3 Nbd7 5. Bg5 c6 6. e3 Qa5 7. Bxf6 Nxf6 8.
Bd3 Bb4 9. Qb3 dxc4 10. Bxc4 Nd5 11. Rc1 O-O 12. O-O Bd6 13. Ne4 Be7 14. Bd3
Qd8 15. Bb1 f5 16. Nc5 Rb8 17. Ne5 Qd6 18. a3 Bf6 19. Ncd3 Bd7 20. Qc2 g6 21.
g3 Rfe8 22. h4 g5 23. hxg5 Bxg5 24. Qe2 Re7 25. Qh5 Rg7 26. Nxd7 Qxd7 27. Ne5
Qd6 28. Rce1 c5 29. f4 Be7 30. dxc5 Qc7 31. b4 Rxg3+ 32. Kf2 Rg7 33. Rg1 Bf6
34. Rxg7+ Bxg7 35. Rg1 Rf8 36. Ba2 Qe7 37. Bxd5 exd5 38. Qg5 Qxg5 39. Rxg5 Kh8
40. Kf3 Bh6 41. Rg1 a6 42. Rd1 1-0